| 000 | 00978nam0a22002651 4500 | ||
|---|---|---|---|
| 001 | rc\402015 | ||
| 005 | 20250621072915.0 | ||
| 010 |
_a5-7987-0024-0 _950000 |
||
| 035 | _a(NLR Aleph) 005650696 | ||
| 090 |
_a6768249 _c6768249 |
||
| 100 | _a20030616d1989 |||y0rusy50 ca | ||
| 101 | 0 | _arus | |
| 102 | _aRU | ||
| 105 | _ay ||||||||| | ||
| 200 | 1 |
_aТолковый словарь по вычислительной технике и программированию _eОсновные термины _eОк. 3000 терминов _fПод ред. М.Р. Шура-Бура |
|
| 210 |
_aКиев _cИзд-во УСХА _d1989 |
||
| 215 |
_a220, [1] с. _d17 |
||
| 300 | _aНа обл. авт. не указаны | ||
| 700 | 1 |
_aЗаморин _bА.П. _gАнатолий Петрович |
|
| 701 | 1 |
_aМарков _bА.С. _gАлександр Сергеевич |
|
| 801 | 0 |
_aRU _bNLR _gpsbo |
|
| 801 | 1 |
_aRU _bELAR _2rusmarc |
|
| 852 |
_aNLR _bС _jК-1/5084 |
||
| 942 | _cBOOK | ||
| 980 | _aNB | ||